000 00539cab a2200217 4500
001 X1774
008 090401t1994 xxu||||| |||| 00| 0 eng d
035 _a(Sirsi) u19177
041 _aeng
100 _aSands, G.
245 _aCommunity lending and appraisal standards
260 _c1994
350 _a0
490 _aAppraisal Journal
_v62(4) October 1994, 553-557(5)
650 _aCOMPARABLE SALES
650 _aMORTGAGES
650 _aPROPERTY VALUES
690 _aRATING AND VALUATION
942 _n0
948 _c04/03/1997
999 _c12775
_d12775